Państwa z jednym słowem i dwoma „i” - Statystyki

Ogólne statystyki
  • Ten quiz został rozwiązany 45 razy
    35 od ostatniego zresetowania
  • Średni wynik to 19 z 23
Statystyki odpowiedzi
Kontynent Państwo % Poprawnych
Ameryka Północna Haiti
93%
Europa Hiszpania
93%
Afryka Algieria
90%
Oceania Fidżi
90%
Europa Finlandia
90%
Afryka Etiopia
86%
Azja Indie
86%
Europa Irlandia
86%
Europa Islandia
86%
Ameryka Południowa Boliwia
83%
Oceania Kiribati
83%
Afryka Libia
83%
Ameryka Północna Dominika
79%
Ameryka Północna Dominikana
79%
Afryka Dżibuti
79%
Afryka Eswatini
79%
Azja Filipiny
79%
Europa Liechtenstein
79%
Afryka Namibia
79%
Afryka Liberia
76%
Afryka Nigeria
76%
Azja Kirgistan
72%
Afryka Mauritius
72%
Nie znaleziono quizów pasujących do podanych kryteriów
Rozkład punktacji
Procent ludzi z każdym wynikiem
Percentyl według liczby udzielonych odpowiedzi
Twoja historia wyników
Nie rozwiązałeś tego quizu od ostatniego zresetowania